| 000 | 00529nam a2200157 a 4500 | ||
|---|---|---|---|
| 005 | 20140310183542.0 | ||
| 008 | 111008s19uu xx 00 eng d | ||
| 020 | _a9780521687829 | ||
| 050 |
_aPR 990 _b.C36 2009 |
||
| 245 |
_aThe Cambridge companion to children's literature / _cedited by M.O. Grenby and Andrea Immel. |
||
| 260 |
_aCambridge : _bCambridge University Press, _c2009. |
||
| 300 |
_a293 p. : _c23 cm. |
||
| 650 |
_aChildren's literature, English _xHistory and criticism |
||
| 942 |
_cBK _2lcc _kFOR |
||
| 999 |
_c24819 _d24819 |
||